[Event "Titled Tuesday intern op 19th Sep Early"]
[Site "Chess.com INT"]
[Date "2023.09.19"]
[Round "9"]
[White "Sericano, Claudio"]
[Black "Topalov, Aleksandar"]
[Result "1-0"]
[WhiteElo "2260"]
[BlackElo "2233"]
[PlyCount "53"]
[EventDate "2023.09.19"]
[EventType "swiss (blitz)"]
[EventRounds "11"]
[EventCountry "USA"]
[SourceTitle "EXT 2024"]
[Source "ChessBase"]
[SourceDate "2023.10.10"]
[SourceVersion "1"]
[SourceVersionDate "2023.10.10"]
[SourceQuality "1"]

1. e4 e6 2. d4 d5 3. Nd2 Nf6 4. e5 Ng8 5. Bd3 Ne7 6. Ngf3 Qd7 7. 0-0 b6 8. a4 Ba6 9. Bxa6 Nxa6 10. c3 c5 11. Re1 Nf5 12. Nf1 Be7 13. a5 b5 14. Bf4 0-0 15. Ng3 Nxg3 16. hxg3 Rab8 17. g4 b4 18. g3 bxc3 19. bxc3 Qb5 20. Kg2 Qb3 21. Qd2 cxd4 22. Nxd4 Qb2 23. Nc6 Qb7 24. Nxb8 Rxb8 25. Rab1 Qxb1 26. Rxb1 Rxb1 27. Qd3 1-0

[Event "Titled Tuesday intern op 19th Sep Early"]
[Site "Chess.com INT"]
[Date "2023.09.19"]
[Round "8"]
[White "Spichkin, Alexander"]
[Black "Topalov, Aleksandar"]
[Result "1-0"]
[WhiteElo "2052"]
[BlackElo "2233"]
[PlyCount "61"]
[EventDate "2023.09.19"]
[EventType "swiss (blitz)"]
[EventRounds "11"]
[EventCountry "USA"]
[SourceTitle "EXT 2024"]
[Source "ChessBase"]
[SourceDate "2023.10.10"]
[SourceVersion "1"]
[SourceVersionDate "2023.10.10"]
[SourceQuality "1"]

1. f4 Nf6 2. Nf3 d5 3. d3 c5 4. e3 Nc6 5. Be2 g6 6. 0-0 Bg7 7. Kh1 0-0 8. a4 Qc7 9. Nc3 e5 10. Nb5 Qb8 11. fxe5 Nxe5 12. e4 Nxf3 13. Rxf3 Bg4 14. Bf4 Qd8 15. Rg3 Bxe2 16. Qxe2 dxe4 17. Bg5 h6 18. Bxf6 Bxf6 19. dxe4 Bxb2 20. Rd1 Qf6 21. c3 Rad8 22. Rf1 Qb6 23. a5 Qxa5 24. Qxb2 a6 25. Na3 b5 26. Nc2 Rd2 27. Qc1 Rfd8 28. Ne3 Qa4 29. Nd5 Rc2 30. Qxh6 Rd6 31. Ne7# 1-0